100 Biggest Cities in Oklahoma on a Map - Statistics

General Stats
  • This quiz has been taken 492 times
  • The average score is 41 of 100
Answers on the Map
Answers color-coded by a green-red scale on the quiz's map according to % correct below.
 
Answer Stats
Population Cities % Correct
681,054 Oklahoma City
100%
413,066 Tulsa
99%
113,540 Broken Arrow
91%
128,026 Norman
91%
94,428 Edmond
78%
90,381 Lawton
78%
48,394 Stillwater
77%
62,793 Moore
75%
51,308 Enid
73%
36,878 Muskogee
71%
12,965 Guymon
64%
58,409 Midwest City
64%
31,377 Shawnee
60%
37,290 Bartlesville
58%
24,725 Ardmore
57%
24,424 Ponca City
55%
16,989 El Reno
54%
12,969 Miami
54%
4,228 Broken Bow
53%
18,171 McAlester
52%
38,240 Owasso
52%
23,630 Yukon
52%
16,481 Ada
51%
28,609 Bixby
51%
25,949 Jenks
50%
18,589 Durant
48%
19,879 Mustang
48%
21,822 Del City
47%
21,929 Sapulpa
46%
12,182 Choctaw
45%
6,961 Idabel
45%
12,133 Woodward
45%
11,561 Elk City
44%
10,749 Guthrie
44%
19,874 Sand Springs
44%
16,209 Tahlequah
44%
22,692 Duncan
42%
18,729 Altus
41%
20,831 Bethany
40%
16,051 Chickasha
40%
19,580 Claremore
40%
12,076 Weatherford
39%
11,322 Okmulgee
38%
7,146 Seminole
38%
10,984 Newcastle
37%
7,440 Catoosa
36%
8,521 Clinton
35%
6,956 Grove
35%
5,166 Hugo
35%
5,992 Pauls Valley
35%
8,510 Sallisaw
35%
5,065 Sulphur
35%
13,691 Glenpool
34%
9,538 The Village
34%
5,193 Vinita
34%
7,621 Wagoner
34%
5,745 Anadarko
33%
7,413 Tuttle
33%
5,028 Alva
32%
6,085 Blackwell
32%
7,881 Collinsville
32%
9,654 Coweta
32%
7,402 Piedmont
32%
6,651 Purcell
32%
8,450 Skiatook
32%
6,985 Noble
31%
4,484 Perry
31%
8,807 Poteau
31%
10,452 Warr Acres
31%
8,327 Cushing
30%
4,903 Kingfisher
30%
6,302 Tecumseh
30%
8,879 Blanchard
29%
5,640 Henryetta
29%
3,870 Nichols Hills
29%
4,809 Sayre
29%
5,256 Verdigris
29%
3,517 Nowata
28%
6,245 Harrah
27%
9,444 Pryor Creek
27%
3,468 Frederick
26%
3,372 Dewey
24%
3,814 Fort Gibson
24%
3,413 Hobart
24%
5,934 Holdenville
24%
3,329 Hominy
24%
3,914 Madill
24%
4,163 Slaughterville
24%
4,248 Bristow
23%
3,700 Stilwell
23%
3,656 Elgin
22%
4,993 Lone Grove
22%
3,262 Mannford
22%
4,385 Marlow
22%
4,351 McLoud
22%
3,272 Muldrow
22%
3,978 Spencer
22%
4,255 Pocola
21%
4,917 Hinton
20%
3,316 Roland
20%
No matching quizzes found
Score Distribution
Percent of People with Each Score
Percentile by Number Answered
Your Score History
You have not taken this quiz